00365nam a2200133Ia 4500008004100000020001800041082002000059100001700079245004700096250000600143260004700149300001000196500002500206230524s9999 xx 000 0 und d a9788184888171 a519.502461bSUR aRao K. Surya 0aBiostatistics For Health and Life Sciences a1 aNew DelhibHimalaya Publishing Housec2010 a580p; aQuantity Number: 10